Del otro lado de la historia = East Side Story /

En el Este de Los Angeles, un joven latino que no ha expresado abiertamente su homosexualidad desea abrir su horizonte en otro lugar, al lado de su pareja, pero éste no tiene la misma idea. El primero atiende el restaurante de su abuela; el segundo, es vendedor de bienes raíces. En la vida cotidiana...

Fuld beskrivelse

Guardado en:
Bibliografiske detaljer
Hovedforfatter: Portugal, Carlos (realización)
Andre forfattere: Portugal, Carlos (guión) (guión), Toledo, Charo (guión) (guión), Peña, Neil de La (fotógrafo) (fotógrafo), Carnevale, Jerry (vestuario) (vestuario), Feuer, Mary (montaje) (montaje), Cahill, Steven (música) (música), Alvarado, René (actuación) (actuación), Beron, David (actuación) (actuación), Callahan, Steve (actuación) (actuación)
Format: Slide
Sprog:engelsk
Udgivet: Los Angeles?, EUA : Into Action Films, 2007, c2007
Serier:(Contempovideo)
Fag:
Tags: Tilføj Tag
Ingen Tags, Vær først til at tagge denne postø!

MARC

LEADER 00000ngm^a2200000^a^4500
001 000294629
005 20250521000000.0
009 20260526135127.117
037 |a Acervo ITESO - Biblioteca 
041 |a ING 
082 |a 819. 3  |b POR 
100 |a Portugal, Carlos  |e (realización) 
240 1 1 |a [Del otro lado de la historia] 
245 1 0 |a Del otro lado de la historia =  |b East Side Story /  |c Realización de C. Portugal. 
264 4 |a Los Angeles?, EUA :  |b Into Action Films,  |c 2007, c2007 
264 2 |a México :  |b Optima Films [distribución],  |c copyright fecha no identificada 
300 |a 1 DVD regiones 1 y 4 (88 min.) :  |b color 
336 |a imagen móvil bidimensional  |b tdi  |2 rdacontenido 
337 |a video  |b v  |2 rdamedio 
338 |a videodisco  |b vd  |2 rdasoporte 
440 1 |a (Contempovideo) 
520 |a En el Este de Los Angeles, un joven latino que no ha expresado abiertamente su homosexualidad desea abrir su horizonte en otro lugar, al lado de su pareja, pero éste no tiene la misma idea. El primero atiende el restaurante de su abuela; el segundo, es vendedor de bienes raíces. En la vida cotidiana del restaurante se manifiestan los prejuicios raciales y sexuales de los habitantes de la zona; pero el área se está transformando con la llegada de nuevos habitantes, entre ellos una hija de la dueña del restaurante y otra pareja, abiertamente gay, que hace reflexionar sobre su propia relación a los latinos. Primer largometraje realizado por Carlos Portugal. 
520 |a Suplementos y características especiales: 1) Galería con diez fotografías fijas de la película. 
546 |a En inglés, con subtítulos opcionales: español 
649 |a XX 
650 |a Homosexuales Chicanos -  |z Los Angeles, EUA -  |x Condiciones Sociales y Culturales 
650 |a Homosexuales Chicanos -  |x Condiciones Sociales y Culturales -  |x Tema Principal 
650 |a Chicanos -  |z Los Angeles, EUA -  |x Condiciones Sociales y Culturales 
650 |a Comedias Románticas 
650 |a Comedias Cinematográficas 
650 |a Cine Gay y Lésbico -  |z EUA 
650 |a Cine Chicano -  |y 2000-2009 
650 |a Cine Chicano -  |y Siglo XXI 
650 |a Cine Norteamericano -  |y 2000-2009 
650 |a Cine Norteamericano -  |y Siglo XXI 
650 |a Homosexualidad 
650 |a Relaciones de Pareja 
650 |a Sexualidad 
650 |a Homofobia -  |z Los Angeles, EUA 
650 |a Problemas Sociales -  |z Los Angeles, EUA 
650 |a Diversidad Cultural -  |z Los Angeles, EUA 
650 |a Cafeterías y Restaurantes en el Cine 
650 |a Barrios -  |z Los Angeles, EUA -  |x Condiciones Sociales y Culturales 
650 |a Los Angeles, EUA en el Cine 
700 |a Portugal, Carlos  |e (guión) 
700 |a Toledo, Charo  |e (guión) 
700 |a Peña, Neil de La  |e (fotógrafo) 
700 |a Carnevale, Jerry  |e (vestuario) 
700 |a Feuer, Mary  |e (montaje) 
700 |a Cahill, Steven  |e (música) 
700 |a Alvarado, René  |e (actuación) 
700 |a Beron, David  |e (actuación) 
700 |a Callahan, Steve  |e (actuación) 
910 |a Fondo General 
920 |a Audiovisuales - DVDs 
940 |a Películas 
905 |a 302 
901 |a 0500383800  |b IT2  |c DVS  |i C118831  |u 20250521 
902 |a https://opac.biblio.iteso.mx/vufind/Record/000294629